Dopyt a ponuka na trhu komerčného poistenia

Charakteristika trhu komerčného poistenia. Subjekty ponuky na trhu komerčného poistenia. Subjekty dopytu na trhu komerčného poistenia. Charakteristické znaky ponuky a dopytu, ako aj samotného trhu komerčného poistenia.

Enregistré dans:
Détails bibliographiques
Auteur principal: Pastoráková, Erika, 1972-
Format: Chapitre de livre
Langue:slovaque
Sujets:
Tags: Ajouter un tag
Pas de tags, Soyez le premier à ajouter un tag!

MARC

LEADER 00000naa$a2200000$$$4500
001 0041598
005 20240502071511.5
041 0 |a slo 
044 |a SK 
245 1 0 |a Dopyt a ponuka na trhu komerčného poistenia  |c Erika Pastoráková 
520 |a Charakteristika trhu komerčného poistenia. Subjekty ponuky na trhu komerčného poistenia. Subjekty dopytu na trhu komerčného poistenia. Charakteristické znaky ponuky a dopytu, ako aj samotného trhu komerčného poistenia. 
610 2 0 |a poistenie 
610 2 0 |a dopyt 
610 2 0 |a ponuka 
610 2 0 |a poisťovne komerčné 
610 2 0 |a trh poistný 
610 2 0 |a poisťovne 
610 2 0 |a zaisťovne 
610 2 0 |a ochrana poistná 
100 1 |a Pastoráková, Erika, 1972-